| 000 | 00889cab a2200265 4500 | ||
|---|---|---|---|
| 001 | WB2723-05 | ||
| 008 | 090401t1991 xxu||||| |||| 00| 0 eng d | ||
| 035 | _a(Sirsi) u8239 | ||
| 041 | _aeng | ||
| 245 | _aSinking feeling | ||
| 260 | _c1991 | ||
| 350 | _a0 | ||
| 490 |
_aTimes _v13/6/91 p6 |
||
| 520 | _aCall for new building regulations to protect buildings from structural damage due to the effects of global warming including subsidence and damage caused by severe weather conditions . | ||
| 650 | _aBUILT ENVIRONMENT-CONSTRUCTION DESIGN | ||
| 650 | _aCLAY SOILS | ||
| 650 | _aCLIMATIC CONDITIONS | ||
| 650 | _aBUILT ENVIRONMENT-BUILDING CONTRACT FORMS-CONSTRUCTION COLLATERAL WARRANTY FORMS | ||
| 650 |
_aEnvironment _96238 |
||
| 650 |
_aInsurance _96249 |
||
| 650 | _aSHRINKAGE | ||
| 690 | _aBUILT ENVIRONMENT-BUILDING INSPECTION | ||
| 942 | _n0 | ||
| 948 | _c04/03/1997 | ||
| 999 |
_c5041 _d5041 |
||